[Event "Erandio op 23rd"]
[Site "Erandio"]
[Date "2014.12.28"]
[Round "8"]
[White "Buiza Prieto, Eihartze"]
[Black "Sadusea, Johnny Fernando"]
[Result "1/2-1/2"]
[WhiteElo "1887"]
[BlackElo "2055"]
[PlyCount "120"]
[EventDate "2014.12.20"]
[EventType "swiss"]
[EventRounds "8"]
[EventCountry "ESP"]
[SourceTitle "CBM 164 Extra"]
[Source "ChessBase"]
[SourceDate "2015.03.02"]
[SourceVersion "1"]
[SourceVersionDate "2015.03.02"]
[SourceQuality "1"]

1. e4 c5 2. Nf3 d6 3. d4 cxd4 4. Nxd4 Nf6 5. Nc3 a6 6. Be2 e5 7. Nb3 Be7 8. 0-0 0-0 9. Be3 Be6 10. Qd2 Nbd7 11. a4 Rc8 12. a5 Qc7 13. Rfd1 Qc6 14. Bf3 Rfd8 15. Qe1 Bf8 16. Rd2 Nc5 17. Nxc5 dxc5 18. Rad1 Qc7 19. Rxd8 Rxd8 20. Rxd8 Qxd8 21. Na4 Qc7 22. Qc3 Nd7 23. b4 c4 24. h3 Qc6 25. Nb2 b5 26. axb6 Qb5 27. Bd2 Nxb6 28. Be2 f6 29. Qa3 Kf7 30. Qa5 Bd6 31. Qxb5 axb5 32. c3 Ke8 33. Be3 Nc8 34. Bg4 Bxg4 35. hxg4 Kd7 36. Nd1 Kc6 37. g5 Ne7 38. gxf6 gxf6 39. Bd2 f5 40. f3 f4 41. Nf2 Kd7 42. Nh3 Ng6 43. Be1 Be7 44. Kf1 Ke6 45. Ke2 Bf6 46. Kf1 Be7 47. Ke2 Nf8 48. Nf2 Nd7 49. Ng4 Bf8 50. Bh4 Nb8 51. Be1 Nc6 52. Nf2 Be7 53. Ng4 Bg5 54. Kd1 Kf7 55. Ke2 Ke7 56. Kd1 Ke6 57. Kd2 Nb8 58. Nf2 Nd7 59. Nh3 Bh6 60. Bh4 Nb6 1/2-1/2

[Event "Erandio op 23rd"]
[Site "Erandio"]
[Date "2014.12.27"]
[Round "7"]
[White "Sadusea, Johnny Fernando"]
[Black "Aguirre Maiz, Aitor"]
[Result "1-0"]
[WhiteElo "2055"]
[BlackElo "1879"]
[PlyCount "71"]
[EventDate "2014.12.20"]
[EventType "swiss"]
[EventRounds "8"]
[EventCountry "ESP"]
[SourceTitle "CBM 164 Extra"]
[Source "ChessBase"]
[SourceDate "2015.03.02"]
[SourceVersion "1"]
[SourceVersionDate "2015.03.02"]
[SourceQuality "1"]

1. e4 e6 2. d4 d5 3. exd5 exd5 4. Bd3 Bd6 5. Nc3 c6 6. h3 h6 7. Nf3 Nd7 8. 0-0 Ne7 9. Re1 Qc7 10. Qe2 0-0 11. Ne5 Bxe5 12. dxe5 Nc5 13. Be3 Nxd3 14. Qxd3 b6 15. f4 g6 16. Bf2 Kh7 17. Bh4 Ng8 18. g4 Re8 19. Bg3 Qe7 20. Kh2 Bd7 21. f5 Qf8 22. Rf1 Qg7 23. e6 Bxe6 24. fxe6 Rxe6 25. Rae1 Rae8 26. Rxe6 Rxe6 27. Re1 Qf6 28. Rxe6 Qxe6 29. Qe2 Qxe2+ 30. Nxe2 Nf6 31. Nd4 c5 32. Nc6 a6 33. Kg2 d4 34. Kf3 g5 35. Ne7 Nd7 36. Ke4 1-0

[Event "Erandio op 23rd"]
[Site "Erandio"]
[Date "2014.12.26"]
[Round "6"]
[White "Martinez Fernandez, Adrian"]
[Black "Sadusea, Johnny Fernando"]
[Result "1/2-1/2"]
[WhiteElo "1895"]
[BlackElo "2055"]
[PlyCount "52"]
[EventDate "2014.12.20"]
[EventType "swiss"]
[EventRounds "8"]
[EventCountry "ESP"]
[SourceTitle "CBM 164 Extra"]
[Source "ChessBase"]
[SourceDate "2015.03.02"]
[SourceVersion "1"]
[SourceVersionDate "2015.03.02"]
[SourceQuality "1"]

1. e4 c5 2. Nf3 a6 3. c3 Nf6 4. e5 Nd5 5. d4 cxd4 6. cxd4 e6 7. Bc4 Bb4+ 8. Bd2 Bxd2+ 9. Qxd2 Ne7 10. 0-0 d6 11. Nc3 b5 12. Bd3 Bb7 13. Ne4 dxe5 14. dxe5 Bxe4 15. Bxe4 Qxd2 16. Nxd2 Nbc6 17. Nb3 Ra7 18. Bxc6+ Nxc6 19. Rac1 Ne7 20. Nd4 0-0 21. Nc6 Nxc6 22. Rxc6 Rd8 23. Rfc1 Kf8 24. R6c2 Ke7 25. Kf1 Rd5 26. f4 Rd4 1/2-1/2

[Event "Erandio op 23rd"]
[Site "Erandio"]
[Date "2014.12.21"]
[Round "3"]
[White "Sadusea, Johnny Fernando"]
[Black "Prieto Aranguren, Alain"]
[Result "1-0"]
[WhiteElo "2055"]
[BlackElo "2203"]
[PlyCount "35"]
[EventDate "2014.12.20"]
[EventType "swiss"]
[EventRounds "8"]
[EventCountry "ESP"]
[SourceTitle "CBM 164 Extra"]
[Source "ChessBase"]
[SourceDate "2015.03.02"]
[SourceVersion "1"]
[SourceVersionDate "2015.03.02"]
[SourceQuality "1"]

1. e4 c6 2. d4 d5 3. exd5 cxd5 4. Bd3 Nc6 5. c3 Nf6 6. Bg5 Ne4 7. Be3 g6 8. Nd2 Nd6 9. Ndf3 Bg7 10. Qd2 Ne4 11. Bxe4 dxe4 12. Ng5 Bf5 13. f3 exf3 14. N5xf3 Qd5 15. Ne2 e5 16. 0-0 h6 17. Qc1 0-0-0 18. dxe5 1-0

[Event "Erandio op 23rd"]
[Site "Erandio"]
[Date "2014.12.20"]
[Round "1"]
[White "Acedo Pena, Javier"]
[Black "Sadusea, Johnny Fernando"]
[Result "0-1"]
[WhiteElo "1687"]
[BlackElo "2055"]
[PlyCount "80"]
[EventDate "2014.12.20"]
[EventType "swiss"]
[EventRounds "8"]
[EventCountry "ESP"]
[SourceTitle "CBM 164 Extra"]
[Source "ChessBase"]
[SourceDate "2015.03.02"]
[SourceVersion "1"]
[SourceVersionDate "2015.03.02"]
[SourceQuality "1"]

1. c4 Nf6 2. Nc3 e6 3. Nf3 d5 4. d4 c6 5. e3 Nbd7 6. Bd3 Bd6 7. 0-0 0-0 8. Re1 dxc4 9. Bxc4 e5 10. Qc2 exd4 11. exd4 h6 12. h3 Nb6 13. Bd3 Be6 14. b3 Nbd5 15. a3 Nxc3 16. Qxc3 Nd5 17. Qc2 Qf6 18. Bb2 Bxh3 19. Ne5 Nf4 20. g3 Nxd3 21. Qxd3 Rad8 22. Qc3 Be6 23. Re4 Bd5 24. Rf4 Qe6 25. Rh4 f6 26. Ng4 Rfe8 27. Ne3 Bxb3 28. Qd3 Bd5 29. Nxd5 cxd5 30. Qg6 f5 31. Qh5 Qf7 32. Qf3 Re4 33. Rh3 Rde8 34. Bc3 Qg6 35. Kh2 Qg4 36. Qd3 f4 37. gxf4 Bxf4+ 38. Kh1 Re3 39. Rxe3 Rxe3 40. fxe3 Qh3+ 0-1

[Event "Euskadi-chT (Vasca) Div Honor"]
[Site "Bergara"]
[Date "2014.02.08"]
[Round "5.4"]
[White "Sadusea, Johnny Fernando"]
[Black "Del Rio de Angelis, Salvador Gabriel"]
[Result "1/2-1/2"]
[WhiteElo "2093"]
[BlackElo "2498"]
[PlyCount "48"]
[EventDate "2014.01.11"]
[EventType "team-tourn"]
[EventRounds "9"]
[EventCountry "ESP"]
[SourceTitle "EXT 2024"]
[Source "ChessBase"]
[SourceDate "2023.10.10"]
[SourceVersion "1"]
[SourceVersionDate "2023.10.10"]
[SourceQuality "1"]

1. e4 e6 2. d4 d5 3. exd5 exd5 4. Bd3 c5 5. c3 Nc6 6. Nf3 Bd6 7. dxc5 Bxc5 8. 0-0 Nge7 9. Nbd2 0-0 10. Qc2 h6 11. Nb3 Bd6 12. h3 Bc7 13. Be3 Qd6 14. Bc5 Qf6 15. Rfe1 Rd8 16. Nbd4 Ng6 17. Nxc6 Qxc6 18. Bd4 Nf8 19. Rad1 Ne6 20. Be5 Bb6 21. Bg3 Nf8 22. Be5 Ne6 23. Bg3 Nf8 24. Be5 Ne6 1/2-1/2